[Event "La Pobla de Lillet op"]
[Site "La Pobla de Lillet ESP"]
[Date "2019.08.05"]
[Round "4.3"]
[White "Simon Padros, E."]
[Black "Capellades Subirana, M."]
[Result "1/2-1/2"]
[WhiteElo "2110"]
[BlackElo "2194"]
[PlyCount "78"]
[EventDate "2019.08.02"]
[EventType "swiss"]
[EventRounds "9"]
[EventCountry "ESP"]
[SourceTitle "Ajedrez en Madrid"]
[Source "lmi"]
[SourceDate "2020.06.24"]
[SourceVersion "1"]
[SourceVersionDate "2020.06.24"]
[SourceQuality "1"]

1. e4 e5 2. d4 exd4 3. Qxd4 Nc6 4. Qe3 Bb4+ 5. Nc3 Nge7 6. Bd2 d6 7. O-O-O O-O
8. Qg3 f5 9. Bc4+ Kh8 10. f3 Na5 11. Bd3 Nac6 12. Nh3 fxe4 13. fxe4 Bxh3 14.
Qxh3 Ng6 15. Rhf1 Bxc3 16. Rxf8+ Qxf8 17. Bxc3 Qf4+ 18. Bd2 Qh4 19. Qd7 Qe7 20.
Qxe7 Ncxe7 21. Rf1 Ne5 22. Be2 Kg8 23. Bc3 Rf8 24. Bxe5 Rxf1+ 25. Bxf1 dxe5 26.
Kd2 Kf7 27. Ke3 Ke6 28. c3 Kd6 29. Bc4 Nc8 30. Bg8 h6 31. Bf7 Nb6 32. Kd3 Nd7
33. b4 Nf6 34. h3 Ke7 35. Bg6 Nd7 36. a4 a5 37. Kc4 Nb6+ 38. Kb5 axb4 39. cxb4
Nc8 1/2-1/2

[Event "La Pobla de Lillet op"]
[Site "La Pobla de Lillet ESP"]
[Date "2019.08.05"]
[Round "4.4"]
[White "Jucla Esteve, FX."]
[Black "Burset Camps, G."]
[Result "1/2-1/2"]
[WhiteElo "1647"]
[BlackElo "1585"]
[PlyCount "61"]
[EventDate "2019.08.02"]
[EventType "swiss"]
[EventRounds "9"]
[EventCountry "ESP"]
[SourceTitle "Ajedrez en Madrid"]
[Source "lmi"]
[SourceDate "2020.06.24"]
[SourceVersion "1"]
[SourceVersionDate "2020.06.24"]
[SourceQuality "1"]

1. e4 e6 2. d4 d5 3. exd5 exd5 4. Bd3 Bd6 5. Ne2 Ne7 6. O-O O-O 7. Ng3 Be6 8.
Nd2 c5 9. c3 Nd7 10. Re1 Nf6 11. Ndf1 cxd4 12. cxd4 Bb4 13. Bd2 Qb6 14. Bxb4
Qxb4 15. Rb1 Rac8 16. Nh5 Nxh5 17. Qxh5 g6 18. Qh4 Nf5 19. Bxf5 Bxf5 20. Rbc1
Rxc1 21. Rxc1 Qxb2 22. Re1 Qxa2 23. h3 b5 24. Nh2 Qd2 25. Nf3 g5 26. Qh6 Qc3
27. Qxg5+ Bg6 28. Re3 Qc1+ 29. Kh2 b4 30. h4 Qc7+ 31. Kh1 1/2-1/2

[Event "La Pobla de Lillet op"]
[Site "La Pobla de Lillet ESP"]
[Date "2019.08.05"]
[Round "4.4"]
[White "Povill Claros, X."]
[Black "Simon del Sol, J."]
[Result "1-0"]
[WhiteElo "2276"]
[BlackElo "2032"]
[PlyCount "65"]
[EventDate "2019.08.02"]
[EventType "swiss"]
[EventRounds "9"]
[EventCountry "ESP"]
[SourceTitle "Ajedrez en Madrid"]
[Source "lmi"]
[SourceDate "2020.06.24"]
[SourceVersion "1"]
[SourceVersionDate "2020.06.24"]
[SourceQuality "1"]

1. e4 d5 2. exd5 Qxd5 3. Nc3 Qd8 4. Bc4 g6 5. Nf3 Bg7 6. O-O Nf6 7. d4 O-O 8.
Ne5 Nc6 9. Nxc6 bxc6 10. Bg5 Nd5 11. Re1 f6 12. Bh4 e6 13. Ne4 Rb8 14. Nc5 Re8
15. Bb3 Kh8 16. Qf3 g5 17. Bg3 Bf8 18. c4 Nb4 19. Ne4 Bg7 20. Qh5 Ba6 21. a3
Nd3 22. Bc2 Bxc4 23. Nc5 f5 24. Nxd3 Bxd3 25. Bxd3 Qxd4 26. Bxf5 h6 27. Qg6 Kg8
28. Bxe6+ Rxe6 29. Qxe6+ Kh8 30. Be5 Bxe5 31. Qxe5+ Qxe5 32. Rxe5 Rxb2 33. Re7
1-0

[Event "La Pobla de Lillet op"]
[Site "La Pobla de Lillet ESP"]
[Date "2019.08.05"]
[Round "4.5"]
[White "Pla Carulla, J."]
[Black "Serralvo Martinez, J."]
[Result "1/2-1/2"]
[WhiteElo "1796"]
[BlackElo "1458"]
[PlyCount "56"]
[EventDate "2019.08.02"]
[EventType "swiss"]
[EventRounds "9"]
[EventCountry "ESP"]
[SourceTitle "Ajedrez en Madrid"]
[Source "lmi"]
[SourceDate "2020.06.24"]
[SourceVersion "1"]
[SourceVersionDate "2020.06.24"]
[SourceQuality "1"]

1. d4 Nf6 2. Bg5 e6 3. e4 Be7 4. e5 Nd5 5. Bd2 c5 6. Nc3 Nxc3 7. bxc3 Nc6 8.
Qg4 Bf8 9. Nf3 d5 10. a3 Bd7 11. Be2 Qc7 12. Ng5 h6 13. Nf3 O-O-O 14. O-O Ne7
15. c4 Ng6 16. c3 Bc6 17. cxd5 Bxd5 18. c4 Bxf3 19. Qxf3 cxd4 20. Qb3 Nxe5 21.
Bf4 Bd6 22. Bxe5 Bxe5 23. Rab1 Rd7 24. c5 Re7 25. Qa4 Qb8 26. Qb4 Rc7 27. f4
Bf6 28. Bf3 Re8 1/2-1/2

[Event "La Pobla de Lillet op"]
[Site "La Pobla de Lillet ESP"]
[Date "2019.08.05"]
[Round "4.5"]
[White "Touzane, O."]
[Black "Macaya Ruiz, A."]
[Result "1-0"]
[WhiteElo "2268"]
[BlackElo "2011"]
[PlyCount "91"]
[EventDate "2019.08.02"]
[EventType "swiss"]
[EventRounds "9"]
[EventCountry "ESP"]
[SourceTitle "Ajedrez en Madrid"]
[Source "lmi"]
[SourceDate "2020.06.24"]
[SourceVersion "1"]
[SourceVersionDate "2020.06.24"]
[SourceQuality "1"]

1. d4 Nf6 2. Bf4 d5 3. e3 e6 4. Nd2 Bd6 5. Bg3 c5 6. c3 b6 7. Ngf3 O-O 8. Ne5
Ba6 9. Bxa6 Nxa6 10. Bh4 Nc7 11. O-O Nce8 12. f4 Qc7 13. Rf3 Be7 14. Rh3 g6 15.
Bg5 Nd6 16. Qe1 Nh5 17. g4 Bxg5 18. fxg5 f6 19. Nef3 Ng7 20. gxf6 Rxf6 21. Qh4
Nge8 22. Ng5 h5 23. Kh1 Ng7 24. Nh7 Rf7 25. Nf6+ Kf8 26. Qg5 Nge8 27. Nxe8 Rxe8
28. Qxg6 hxg4 29. Qxg4 Ke7 30. Nf3 Kd8 31. Ng5 Rfe7 32. Rh6 Qd7 33. Rf1 Nf5 34.
Nxe6+ Rxe6 35. Rxe6 Qxe6 36. Qxf5 Qxe3 37. Qxd5+ Kc8 38. Qa8+ Kc7 39. Qxa7+ Kc6
40. Qa4+ b5 41. Qa6+ Kd5 42. Qb7+ Kc4 43. Qf7+ Re6 44. b3+ Kd5 45. Qd7+ Rd6 46.
Qb7+ 1-0

[Event "La Pobla de Lillet op"]
[Site "La Pobla de Lillet ESP"]
[Date "2019.08.05"]
[Round "4.6"]
[White "Bravo Barranco, N."]
[Black "Fabre Massana, M."]
[Result "1-0"]
[WhiteElo "2246"]
[BlackElo "1983"]
[PlyCount "79"]
[EventDate "2019.08.02"]
[EventType "swiss"]
[EventRounds "9"]
[EventCountry "ESP"]
[SourceTitle "Ajedrez en Madrid"]
[Source "lmi"]
[SourceDate "2020.06.24"]
[SourceVersion "1"]
[SourceVersionDate "2020.06.24"]
[SourceQuality "1"]

1. e4 c5 2. Nf3 d6 3. Bb5+ Bd7 4. a4 Nc6 5. O-O a6 6. Bxc6 Bxc6 7. Re1 e5 8. d3
Nf6 9. a5 Be7 10. Nc3 O-O 11. Bg5 Nd7 12. Bxe7 Qxe7 13. Nd5 Bxd5 14. exd5 f5
15. d4 cxd4 16. Nxd4 Qh4 17. Ne6 Rf6 18. Ra3 Rg6 19. Ree3 Nf6 20. Rh3 Qe4 21.
Rag3 Qxd5 22. Qxd5 Nxd5 23. Rxg6 hxg6 24. Rd3 Nf6 25. Rxd6 Rc8 26. Rd8+ Rxd8
27. Nxd8 Kf8 28. Nxb7 Nd7 29. Kf1 Ke7 30. Ke2 Ke6 31. c4 e4 32. Ke3 Ke5 33. f4+
exf3 34. gxf3 g5 35. h3 Nf6 36. Nc5 g4 37. hxg4 fxg4 38. Ne4 gxf3 39. Nxf6 gxf6
40. b4 1-0

[Event "La Pobla de Lillet op"]
[Site "La Pobla de Lillet ESP"]
[Date "2019.08.05"]
[Round "4.6"]
[White "Franch Bessa, J."]
[Black "Aballanet Beltran, E."]
[Result "0-1"]
[WhiteElo "1590"]
[BlackElo "1475"]
[PlyCount "82"]
[EventDate "2019.08.02"]
[EventType "swiss"]
[EventRounds "9"]
[EventCountry "ESP"]
[SourceTitle "Ajedrez en Madrid"]
[Source "lmi"]
[SourceDate "2020.06.24"]
[SourceVersion "1"]
[SourceVersionDate "2020.06.24"]
[SourceQuality "1"]

1. e4 e5 2. Nc3 Nf6 3. f4 d6 4. Nf3 Nbd7 5. Bc4 Be7 6. d3 h6 7. O-O O-O 8. Ne2
c6 9. Kh1 Qc7 10. Ng3 d5 11. Nf5 Re8 12. Nxe7+ Rxe7 13. Bb3 dxe4 14. Nxe5 Nxe5
15. fxe5 Qxe5 16. Bf4 Qh5 17. dxe4 Bg4 18. Qd6 Rae8 19. e5 Nd7 20. Rae1 Kh8 21.
c4 Nxe5 22. Bc2 Nxc4 23. Qxe7 Rxe7 24. Rxe7 Bf5 25. Bb3 b5 26. Bxc4 bxc4 27.
Rxa7 Qe2 28. Rc1 Be4 29. Rg1 Qxb2 30. Rxf7 Bd5 31. Re7 Qf6 32. Re8+ Kh7 33. Bg3
Qb2 34. Be5 Qe2 35. Re7 Kg8 36. Rxg7+ Kf8 37. Ba1 Qd3 38. Ra7 c3 39. a4 Ke8 40.
Bxc3 Qxc3 41. Rb1 Bxg2+ 0-1

[Event "La Pobla de Lillet op"]
[Site "La Pobla de Lillet ESP"]
[Date "2019.08.05"]
[Round "4.7"]
[White "Solsona Manonelles, J."]
[Black "Bosch Ricart, J."]
[Result "1/2-1/2"]
[WhiteElo "1470"]
[BlackElo "1572"]
[PlyCount "39"]
[EventDate "2019.08.02"]
[EventType "swiss"]
[EventRounds "9"]
[EventCountry "ESP"]
[SourceTitle "Ajedrez en Madrid"]
[Source "lmi"]
[SourceDate "2020.06.24"]
[SourceVersion "1"]
[SourceVersionDate "2020.06.24"]
[SourceQuality "1"]

1. d4 d5 2. c4 Nf6 3. Nc3 e6 4. e3 Nbd7 5. Nf3 Be7 6. Bd3 O-O 7. O-O c6 8. c5
Qc7 9. e4 dxe4 10. Nxe4 Nxe4 11. Bxe4 Nf6 12. Qc2 Rd8 13. Be3 g6 14. Rad1 Nxe4
15. Qxe4 Rd5 16. Qc2 Bf6 17. Qc1 b6 18. Bf4 Qd8 19. Ne5 Bb7 20. b4 1/2-1/2

[Event "La Pobla de Lillet op"]
[Site "La Pobla de Lillet ESP"]
[Date "2019.08.05"]
[Round "4.7"]
[White "Tejero Royo, F."]
[Black "Viñals Rioja, J."]
[Result "1/2-1/2"]
[WhiteElo "1944"]
[BlackElo "2051"]
[PlyCount "63"]
[EventDate "2019.08.02"]
[EventType "swiss"]
[EventRounds "9"]
[EventCountry "ESP"]
[SourceTitle "Ajedrez en Madrid"]
[Source "lmi"]
[SourceDate "2020.06.24"]
[SourceVersion "1"]
[SourceVersionDate "2020.06.24"]
[SourceQuality "1"]

1. d4 f5 2. c4 Nf6 3. Nc3 g6 4. Nf3 Bg7 5. g3 d6 6. Bg2 c6 7. O-O O-O 8. Bg5 h6
9. Bf4 g5 10. Bd2 Qe8 11. d5 e5 12. dxe6 Bxe6 13. b3 d5 14. cxd5 Nxd5 15. Nxd5
Bxd5 16. Rc1 g4 17. Ne1 Bxg2 18. Nxg2 Nd7 19. Bc3 Nf6 20. Nf4 Rd8 21. Qc2 Nd5
22. Nxd5 Rxd5 23. Bxg7 Kxg7 24. Rcd1 Re5 25. e3 Rf7 26. Rd6 Re6 27. Rfd1 Kg6
28. Qc5 Rxd6 29. Rxd6+ Rf6 30. Rxf6+ Kxf6 31. Qxa7 Qe4 32. Qxb7 1/2-1/2

[Event "La Pobla de Lillet op"]
[Site "La Pobla de Lillet ESP"]
[Date "2019.08.05"]
[Round "4.8"]
[White "Cervello Tost, R."]
[Black "Blasco Cusido, F."]
[Result "1-0"]
[WhiteElo "2041"]
[BlackElo "1928"]
[PlyCount "120"]
[EventDate "2019.08.02"]
[EventType "swiss"]
[EventRounds "9"]
[EventCountry "ESP"]
[SourceTitle "Ajedrez en Madrid"]
[Source "lmi"]
[SourceDate "2020.06.24"]
[SourceVersion "1"]
[SourceVersionDate "2020.06.24"]
[SourceQuality "1"]

1. e4 c5 2. d4 cxd4 3. c3 dxc3 4. Nxc3 Nc6 5. Nf3 e6 6. Bc4 d6 7. O-O Be7 8.
Qe2 Nf6 9. Rd1 e5 10. h3 O-O 11. Bg5 Be6 12. Nb5 a6 13. Bxf6 axb5 14. Bxe7 Qxe7
15. Bd5 Bd7 16. Qe3 Ra6 17. Qd2 Qf6 18. Kh2 h6 19. Rac1 Rc8 20. Rc3 Rd8 21. Rd3
Bc8 22. Bxc6 Rxc6 23. Rd5 Be6 24. Rxb5 Rd7 25. Qe3 Kh7 26. g3 g5 27. g4 Rc2 28.
Rd2 Rxd2 29. Nxd2 Rc7 30. Rb6 Bxa2 31. b3 Rc2 32. Kg2 Qe7 33. Nc4 Qc7 34. Nxd6
Rc3 35. Rxb7 Qxb7 36. Qxc3 Qxb3 37. Qxe5 Qe6 38. Qd4 Bb1 39. f3 Qa2+ 40. Kg3
Qe2 41. Nxf7 Qe1+ 42. Qf2 Qc1 43. Kg2 Qc7 44. Qb2 Qxf7 45. Qxb1 Qf4 46. Qb7+
Kh8 47. Qc8+ Kg7 48. Qd7+ Kh8 49. Qd8+ Kg7 50. Qd4+ Kg6 51. Qd5 Qe3 52. Qe6+
Kh7 53. Qf7+ Kh8 54. Qf6+ Kh7 55. Qb2 Qf4 56. e5 Qe3 57. Qc2+ Kg7 58. Qc7+ Kg6
59. Qc6+ Kg7 60. Qb7+ Kg6 1-0

[Event "La Pobla de Lillet op"]
[Site "La Pobla de Lillet ESP"]
[Date "2019.08.05"]
[Round "4.8"]
[White "Rossell Aran, J."]
[Black "Vidal Moll, F."]
[Result "1/2-1/2"]
[WhiteElo "1456"]
[BlackElo "1500"]
[PlyCount "50"]
[EventDate "2019.08.02"]
[EventType "swiss"]
[EventRounds "9"]
[EventCountry "ESP"]
[SourceTitle "Ajedrez en Madrid"]
[Source "lmi"]
[SourceDate "2020.06.24"]
[SourceVersion "1"]
[SourceVersionDate "2020.06.24"]
[SourceQuality "1"]

1. c4 e6 2. Nc3 f5 3. g3 Nf6 4. Bg2 d5 5. Nf3 Bd6 6. d3 c6 7. O-O O-O 8. Re1
Bc7 9. Qc2 Na6 10. Bg5 Bb6 11. e4 d4 12. Ne2 fxe4 13. Bxf6 Rxf6 14. Ng5 Nb4 15.
Qb3 Nxd3 16. Nxe4 Nxe1 17. Nxf6+ Qxf6 18. Rxe1 d3 19. Nf4 e5 20. Nxd3 Bd4 21.
Qc2 Bf5 22. Be4 Bxe4 23. Rxe4 Rf8 24. Qe2 Re8 25. Kg2 Rf8 1/2-1/2

[Event "La Pobla de Lillet op"]
[Site "La Pobla de Lillet ESP"]
[Date "2019.08.05"]
[Round "4.9"]
[White "Perez Garcia, A."]
[Black "Dartmann Aubanell, C."]
[Result "1-0"]
[WhiteElo "2196"]
[BlackElo "1805"]
[PlyCount "39"]
[EventDate "2019.08.02"]
[EventType "swiss"]
[EventRounds "9"]
[EventCountry "ESP"]
[SourceTitle "Ajedrez en Madrid"]
[Source "lmi"]
[SourceDate "2020.06.24"]
[SourceVersion "1"]
[SourceVersionDate "2020.06.24"]
[SourceQuality "1"]

1. a3 d5 2. d4 c5 3. dxc5 e5 4. b4 g6 5. Bb2 Bg7 6. Nf3 Nc6 7. e4 d4 8. Nbd2
Be6 9. Bc4 Qe7 10. Qe2 a5 11. Bxe6 Qxe6 12. b5 Na7 13. a4 Nf6 14. Nc4 Nxe4 15.
Nb6 Rd8 16. Qxe4 d3 17. O-O dxc2 18. Qxc2 e4 19. Bxg7 exf3 20. Rfe1 1-0

[Event "La Pobla de Lillet op"]
[Site "La Pobla de Lillet ESP"]
[Date "2019.08.05"]
[Round "4.9"]
[White "Vegara Gallego, P."]
[Black "Gomez Sanchez, J."]
[Result "1-0"]
[WhiteElo "1638"]
[BlackElo "1383"]
[PlyCount "73"]
[EventDate "2019.08.02"]
[EventType "swiss"]
[EventRounds "9"]
[EventCountry "ESP"]
[SourceTitle "Ajedrez en Madrid"]
[Source "lmi"]
[SourceDate "2020.06.24"]
[SourceVersion "1"]
[SourceVersionDate "2020.06.24"]
[SourceQuality "1"]

1. Nf3 d5 2. b3 Nf6 3. Bb2 c5 4. e3 Bg4 5. Be2 Nc6 6. O-O e6 7. d3 Bd6 8. Nbd2
O-O 9. h3 Bh5 10. c4 Re8 11. Rc1 Bg6 12. a3 dxc4 13. Nxc4 Be7 14. Nfe5 Nxe5 15.
Nxe5 Nd5 16. Nxg6 hxg6 17. Qc2 Rc8 18. Rfd1 Bg5 19. Qc4 Nxe3 20. fxe3 Bxe3+ 21.
Kh1 Bxc1 22. Qxc1 Qh4 23. Qe3 b5 24. Bf3 b4 25. a4 Qe7 26. Qe4 Red8 27. Qe3 f6
28. Be2 e5 29. d4 cxd4 30. Bxd4 Qc7 31. Bb2 Qc2 32. Bc4+ Kh8 33. Rxd8+ Rxd8 34.
Qg3 g5 35. Bxe5 fxe5 36. Qxg5 Rd1+ 37. Kh2 1-0

[Event "La Pobla de Lillet op"]
[Site "La Pobla de Lillet ESP"]
[Date "2019.08.05"]
[Round "4.10"]
[White "Cort Hidalgo, J."]
[Black "Casamitjana Nuñez, A."]
[Result "0-1"]
[WhiteElo "1584"]
[BlackElo "1788"]
[PlyCount "34"]
[EventDate "2019.08.02"]
[EventType "swiss"]
[EventRounds "9"]
[EventCountry "ESP"]
[SourceTitle "Ajedrez en Madrid"]
[Source "lmi"]
[SourceDate "2020.06.24"]
[SourceVersion "1"]
[SourceVersionDate "2020.06.24"]
[SourceQuality "1"]

1. e4 Nf6 2. Nc3 d5 3. exd5 Nxd5 4. Bc4 Nxc3 5. bxc3 e6 6. Nf3 Be7 7. d4 O-O 8.
O-O Nc6 9. Bf4 h6 10. Qe2 Bd6 11. Ne5 Nxe5 12. dxe5 Bc5 13. Rad1 Qe7 14. Rd3 f6
15. exf6 Qxf6 16. Bxc7 Bd7 17. Be5 Qg5 0-1

[Event "La Pobla de Lillet op"]
[Site "La Pobla de Lillet ESP"]
[Date "2019.08.05"]
[Round "4.10"]
[White "Garcia Escoda, M."]
[Black "Povill Claros, L."]
[Result "1-0"]
[WhiteElo "2067"]
[BlackElo "1678"]
[PlyCount "103"]
[EventDate "2019.08.02"]
[EventType "swiss"]
[EventRounds "9"]
[EventCountry "ESP"]
[SourceTitle "Ajedrez en Madrid"]
[Source "lmi"]
[SourceDate "2020.06.24"]
[SourceVersion "1"]
[SourceVersionDate "2020.06.24"]
[SourceQuality "1"]

1. c4 c5 2. Nc3 Nc6 3. Nf3 g6 4. e3 Nf6 5. d4 cxd4 6. exd4 d5 7. b3 Bg7 8. h3
O-O 9. Be2 Ne4 10. Bb2 Qa5 11. Rc1 Bh6 12. O-O Bxc1 13. Qxc1 Nxc3 14. Bxc3 Qxa2
15. Bd3 Kg7 16. cxd5 Na5 17. d6 exd6 18. d5+ f6 19. Qe1 Rf7 20. Ng5 Qxb3 21.
Qe8 Qxd5 22. Qxf7+ Qxf7 23. Nxf7 Kxf7 24. Bxa5 Be6 25. Rb1 Bd5 26. Bb4 Ke7 27.
Re1+ Kd7 28. Bc3 Rf8 29. Bd4 a6 30. Rc1 b5 31. g4 Bf3 32. Kh2 Bd5 33. Kg3 Bb7
34. f4 f5 35. gxf5 gxf5 36. Kh4 Be4 37. Bf1 Rg8 38. Ra1 Bb7 39. Bd3 Ke6 40.
Re1+ Be4 41. Bc2 Rg6 42. Bb3+ d5 43. Rg1 Rxg1 44. Bxg1 a5 45. Kg5 a4 46. Ba2 b4
47. Bd4 Kf7 48. Kh6 Kg8 49. h4 b3 50. Bxb3 axb3 51. Bb2 Bf3 52. Kg5 1-0

[Event "La Pobla de Lillet op"]
[Site "La Pobla de Lillet ESP"]
[Date "2019.08.05"]
[Round "4.18"]
[White "Matons Calafi, EM."]
[Black "Garcia Galeote, L."]
[Result "0-1"]
[WhiteElo "1758"]
[BlackElo "1849"]
[PlyCount "54"]
[EventDate "2019.08.02"]
[EventType "swiss"]
[EventRounds "9"]
[EventCountry "ESP"]
[SourceTitle "Ajedrez en Madrid"]
[Source "lmi"]
[SourceDate "2020.06.24"]
[SourceVersion "1"]
[SourceVersionDate "2020.06.24"]
[SourceQuality "1"]

1. Nf3 g6 2. g3 Bg7 3. Bg2 d6 4. e4 e5 5. c3 Nf6 6. O-O O-O 7. Re1 c6 8. d3 h6
9. Nbd2 Kh7 10. Nc4 Be6 11. Ne3 Qd7 12. Nh4 Ng4 13. f4 Nxe3 14. Rxe3 Bg4 15.
Bf3 Bxf3 16. Qxf3 exf4 17. gxf4 h5 18. f5 Bf6 19. Ng2 Qe7 20. Re2 Nd7 21. d4
Rae8 22. Nf4 Bg5 23. Nxh5 Bxc1 24. Rxc1 Qg5+ 25. Rg2 Qxc1+ 26. Kf2 Qc2+ 27. Kg1
Qxe4 0-1

[Event "La Pobla de Lillet op"]
[Site "La Pobla de Lillet ESP"]
[Date "2019.08.06"]
[Round "5.1"]
[White "Burset Camps, G."]
[Black "Marin Aso, JL."]
[Result "1/2-1/2"]
[WhiteElo "1585"]
[BlackElo "1908"]
[PlyCount "62"]
[EventDate "2019.08.02"]
[EventType "swiss"]
[EventRounds "9"]
[EventCountry "ESP"]
[SourceTitle "Ajedrez en Madrid"]
[Source "lmi"]
[SourceDate "2020.06.24"]
[SourceVersion "1"]
[SourceVersionDate "2020.06.24"]
[SourceQuality "1"]

1. d4 Nf6 2. Nf3 g6 3. c4 Bg7 4. Nc3 O-O 5. e4 d6 6. Be2 Nbd7 7. O-O e5 8. dxe5
dxe5 9. Qc2 c6 10. Bg5 h6 11. Be3 Qc7 12. Rad1 b6 13. h3 Nh5 14. g3 Re8 15. Kh2
Bf8 16. Qc1 Kh7 17. Nh4 Nhf6 18. Ng2 Nc5 19. Qc2 a5 20. f4 Bd6 21. fxe5 Bxe5
22. Bf4 Be6 23. Bxe5 Qxe5 24. Bd3 Rad8 25. Rf3 Nxd3 26. Rdxd3 Bxc4 27. Rxd8
Rxd8 28. Qf2 Kg7 29. Ne3 Nxe4 30. Nxc4 Nxf2 31. Nxe5 Rd2 1/2-1/2

[Event "La Pobla de Lillet op"]
[Site "La Pobla de Lillet ESP"]
[Date "2019.08.06"]
[Round "5.1"]
[White "Movsziszian, K."]
[Black "Gomez Jurado, LA."]
[Result "1-0"]
[WhiteElo "2472"]
[BlackElo "2293"]
[PlyCount "55"]
[EventDate "2019.08.02"]
[EventType "swiss"]
[EventRounds "9"]
[EventCountry "ESP"]
[SourceTitle "Ajedrez en Madrid"]
[Source "lmi"]
[SourceDate "2020.06.24"]
[SourceVersion "1"]
[SourceVersionDate "2020.06.24"]
[SourceQuality "1"]

1. g3 d5 2. Bg2 c6 3. d3 e5 4. Nf3 Bd6 5. O-O Nf6 6. e4 O-O 7. Nc3 Bg4 8. h3
Bxf3 9. Qxf3 dxe4 10. Nxe4 Nxe4 11. Qxe4 Nd7 12. b4 Nf6 13. Qc4 Rc8 14. Qb3 Qe7
15. a3 Rfe8 16. Re1 h6 17. Bb2 Qc7 18. Re2 Nd7 19. Rae1 Re7 20. c4 b6 21. d4 c5
22. dxe5 Nxe5 23. b5 Ng6 24. Qc3 f6 25. Qd3 Nf8 26. Bd5+ Kh8 27. Rxe7 Bxe7 28.
Qf5 1-0

[Event "La Pobla de Lillet op"]
[Site "La Pobla de Lillet ESP"]
[Date "2019.08.06"]
[Round "5.2"]
[White "Bravo Barranco, N."]
[Black "Cervello Tost, F."]
[Result "1/2-1/2"]
[WhiteElo "2246"]
[BlackElo "2367"]
[PlyCount "100"]
[EventDate "2019.08.02"]
[EventType "swiss"]
[EventRounds "9"]
[EventCountry "ESP"]
[SourceTitle "Ajedrez en Madrid"]
[Source "lmi"]
[SourceDate "2020.06.24"]
[SourceVersion "1"]
[SourceVersionDate "2020.06.24"]
[SourceQuality "1"]

1. e4 c6 2. d3 d5 3. Nd2 e6 4. g3 Nf6 5. Bg2 Bc5 6. Nb3 Bb6 7. e5 Nfd7 8. d4 c5
9. c3 Nc6 10. Be3 cxd4 11. cxd4 Ba5+ 12. Nxa5 Qxa5+ 13. Bd2 Qb6 14. Bc3 Nf8 15.
Ne2 Ng6 16. h4 h5 17. Qd2 Bd7 18. Rc1 f6 19. f4 Nge7 20. O-O f5 21. Bf3 g6 22.
Kg2 a5 23. b3 Nd8 24. Rfd1 Bb5 25. Ng1 Nf7 26. a4 Bd7 27. Rb1 Nc6 28. Rdc1 O-O
29. Be2 Nb4 30. Nf3 Rfc8 31. Bxb4 axb4 32. Rxc8+ Rxc8 33. Rc1 Rc6 34. Rxc6 bxc6
35. Qc2 Nd8 36. Kh3 Nb7 37. Qd1 c5 38. dxc5 Nxc5 39. Qd4 Qa5 40. Nd2 Bc8 41.
Bb5 Qb6 42. Nf3 Qc7 43. Nd2 Ne4 44. Nxe4 dxe4 45. Qxb4 Qc1 46. Kh2 Qc2+ 47. Kh1
Qc1+ 48. Kh2 Qc2+ 49. Kh1 Qc1+ 50. Kh2 Qc2+ 1/2-1/2

[Event "La Pobla de Lillet op"]
[Site "La Pobla de Lillet ESP"]
[Date "2019.08.06"]
[Round "5.2"]
[White "Soler Bel, J."]
[Black "Puig Carres, J."]
[Result "0-1"]
[WhiteElo "1881"]
[BlackElo "1673"]
[PlyCount "106"]
[EventDate "2019.08.02"]
[EventType "swiss"]
[EventRounds "9"]
[EventCountry "ESP"]
[SourceTitle "Ajedrez en Madrid"]
[Source "lmi"]
[SourceDate "2020.06.24"]
[SourceVersion "1"]
[SourceVersionDate "2020.06.24"]
[SourceQuality "1"]

1. d4 d5 2. c4 dxc4 3. Nf3 Nf6 4. e3 Bg4 5. Bxc4 e6 6. h3 Bh5 7. g4 Bg6 8. Bf1
Be4 9. Bg2 Nc6 10. Nc3 Bb4 11. O-O Bxc3 12. bxc3 O-O 13. Nd2 Bxg2 14. Kxg2 Qd5+
15. f3 Qa5 16. Qc2 Nd5 17. Nb1 Rfe8 18. e4 Nde7 19. Be3 Ng6 20. e5 Qa6 21. Rf2
Nce7 22. c4 Red8 23. Nd2 Nc6 24. Nb3 b6 25. Kg3 Qb7 26. h4 a5 27. a4 Rf8 28. f4
Nb4 29. Qe2 Ne7 30. f5 exf5 31. gxf5 Qe4 32. Raf1 Nc2 33. Qxc2 Nxf5+ 34. Rxf5
Qxc2 35. Nd2 Qd3 36. R1f3 Qc2 37. R5f4 Rae8 38. Ne4 f6 39. Nxf6+ gxf6 40. exf6
Rf7 41. Rg4+ Kh8 42. Bh6 Qxc4 43. Bg7+ Rxg7 44. fxg7+ Kg8 45. h5 Qe6 46. Rg5
Qc6 47. Kh3 Qh6 48. Rff5 Qe6 49. Kg4 Rd8 50. Kf3 Qc6+ 51. d5 Qxa4 52. h6 Re8
53. Rg4 Qa3+ 0-1

[Event "La Pobla de Lillet op"]
[Site "La Pobla de Lillet ESP"]
[Date "2019.08.06"]
[Round "5.3"]
[White "Camprubi Juanola, J."]
[Black "Gamisans Cassi, M."]
[Result "1-0"]
[WhiteElo "1553"]
[BlackElo "1647"]
[PlyCount "47"]
[EventDate "2019.08.02"]
[EventType "swiss"]
[EventRounds "9"]
[EventCountry "ESP"]
[SourceTitle "Ajedrez en Madrid"]
[Source "lmi"]
[SourceDate "2020.06.24"]
[SourceVersion "1"]
[SourceVersionDate "2020.06.24"]
[SourceQuality "1"]

1. c4 e6 2. g3 f5 3. Bg2 Nf6 4. Nc3 d5 5. d4 c6 6. c5 b6 7. cxb6 axb6 8. Nf3
Bd6 9. a3 O-O 10. O-O Ne4 11. Qc2 Bb7 12. Nxe4 fxe4 13. Ng5 Qf6 14. Be3 c5 15.
dxc5 Bxc5 16. Bxc5 bxc5 17. f4 Nd7 18. e3 Ba6 19. Rfd1 Bd3 20. Rxd3 exd3 21.
Qxd3 Rfb8 22. Bxd5 Qxb2 23. Bxe6+ Kf8 24. Nxh7+ 1-0

[Event "La Pobla de Lillet op"]
[Site "La Pobla de Lillet ESP"]
[Date "2019.08.06"]
[Round "5.3"]
[White "Capellades Subirana, M."]
[Black "Povill Claros, X."]
[Result "1/2-1/2"]
[WhiteElo "2194"]
[BlackElo "2276"]
[PlyCount "41"]
[EventDate "2019.08.02"]
[EventType "swiss"]
[EventRounds "9"]
[EventCountry "ESP"]
[SourceTitle "Ajedrez en Madrid"]
[Source "lmi"]
[SourceDate "2020.06.24"]
[SourceVersion "1"]
[SourceVersionDate "2020.06.24"]
[SourceQuality "1"]

1. e4 c6 2. d4 d5 3. Nc3 dxe4 4. Nxe4 Bf5 5. Ng3 Bg6 6. Nf3 Nd7 7. Bc4 e6 8.
Qe2 Bd6 9. O-O Qc7 10. Re1 Ngf6 11. Ne5 O-O 12. h4 b5 13. Bb3 c5 14. h5 Nxh5
15. Nxh5 Bxe5 16. dxe5 c4 17. Nf4 cxb3 18. Nxg6 hxg6 19. axb3 a6 20. c4 Nc5 21.
Qc2 1/2-1/2